Villes de la Wallonie - Statistics

General Stats
  • This quiz has been taken 47 times
  • The average score is 25 of 71
Answers on the Map
Answers color-coded by a green-red scale on the quiz's map according to % correct below.
 
Answer Stats
group answer % Correct
Luik Liège | Lüttich | Luik
100%
Namen Namur | Namen
97%
Luxemburg Arlon | Arel | Aarlen
87%
Henegouwen Mons | Bergen
87%
Henegouwen Charleroi
81%
Luik Eupen | Néau
65%
Luik Spa
65%
Waals-Brabant Wavre | Waver
65%
Luxemburg Bastogne | Bastenach | Bastenaken | Baaschtnech
61%
Henegouwen Tournai | Doornik | Dornick
58%
Luik Verviers
58%
Luik Malmedy
55%
Namen Dinant
52%
Luik Seraing
52%
Luik Huy | Hoei
48%
Luxemburg Durbuy
45%
Henegouwen La-Louvière
45%
Henegouwen Mouscron | Moeskroen
45%
Henegouwen Binche
42%
Henegouwen Chimay
42%
Luxemburg Bouillon | Bullioen
39%
Namen Couvin
39%
Namen Andenne
35%
Luik Ans
35%
Luik Herstal
35%
Luxemburg Marche-en-Famenne
35%
Namen Philippeville
35%
Namen Rochefort
35%
Luik Waremme | Borgworm
35%
Henegouwen Ath | Aat
32%
Luxemburg La-Roche-en-Ardennes | Welchenfels | Welsch Fiels
32%
Waals-Brabant Nivelles | Nijvel
32%
Luxemburg Virton
32%
Henegouwen Châtelet
29%
Henegouwen Lessines | Lessen
29%
Luik Sankt Vith | Saint-Vith
29%
Luik Visé | Wezet
29%
Henegouwen Belœil | Belle
26%
Henegouwen Braine-le-Comte | 's-Gravenbrakel
26%
Luxemburg Florenville
26%
Luik Hannut | Hannuit
26%
Luik Stavelot | Stablo
26%
Henegouwen Thuin | Thuden
26%
Waals-Brabant Tubize | Tubeke
26%
Namen Beauraing
23%
Namen Ciney
23%
Henegouwen Enghien | Edingen
23%
Henegouwen Fleurus
23%
Namen Gembloux | Gembloers
23%
Luik Limbourg | Limburg
23%
Luxemburg Neufchâteau | Neuenburg
23%
Waals-Brabant Ottignies-Louvain-la-Neuve
23%
Luxemburg Saint-Hubert
23%
Namen Sambreville
23%
Luxemburg Aubange | Ibingen | Éiben
19%
Henegouwen Beaumont
19%
Henegouwen Comines-Warneton | Komen-Waasten
19%
Luik Herve
19%
Henegouwen Soignies | Zinnik
19%
Waals-Brabant Genappe | Genepiën
16%
Luxemburg Houffalize | Hohenfels | Haufelescht
16%
Waals-Brabant Jodoigne | Geldenaken
16%
Henegouwen Leuze-en-Hainaut | Leuze
16%
Henegouwen Fontaine-l'Évêque
13%
Namen Fosses-la-Ville
13%
Henegouwen Le Rœulx
13%
Henegouwen Saint-Ghislain
13%
Namen Walcourt
13%
Henegouwen Antoing
10%
Henegouwen Chièvres
10%
Luxemburg Chiny
10%
No matching quizzes found
Score Distribution
Percent of People with Each Score
Percentile by Number Answered
Your Score History
You have not taken this quiz